|
|
|
|
| LEADER |
01538nam a2200325 u 4500 |
| 001 |
10100382 |
| 003 |
upatras |
| 005 |
20220804141649.0 |
| 008 |
130213s1986 gre |
| 040 |
|
|
|a GR-PaULI
|c GR-PaULI
|
| 041 |
1 |
|
|a gre
|
| 082 |
1 |
4 |
|a 791.430233092
|2 22
|
| 100 |
1 |
|
|a Tassone, Aldo
|4 aut
|9 112624
|
| 245 |
1 |
0 |
|a Φεντερίκο Φελίνι
|c Aldo Tassone; μετάφραση Μπάμπης Ακτσόγλου, Χρυσάνθη Παπαλά
|
| 260 |
|
|
|a Αθήνα
|b Αιγόκερως
|c 1986
|
| 300 |
|
|
|a 126 σ.
|b εικ.
|c 17 εκ.
|
| 490 |
0 |
|
|a Κινηματογραφικό αρχείο / Αιγόκερως
|v 32
|
| 500 |
|
|
|a Περιέχει φιλμογραφία
|
| 600 |
1 |
4 |
|a Fellini- Federico
|d 1920-1993
|9 80184
|
| 650 |
|
4 |
|a Σκηνοθέτες ( Κινηματογράφος )
|9 25061
|
| 650 |
|
4 |
|a Κινηματογράφος
|z Ιταλία
|9 82441
|
| 650 |
|
4 |
|a Κινηματογράφος
|x Παραγωγοί και σκηνοθέτες
|z Ιταλία
|9 84203
|
| 700 |
1 |
|
|a Ακτσόγλου, Μπάμπης
|4 trl
|9 23019
|
| 700 |
1 |
|
|a Παπαλά, Χρυσάνθη
|4 trl
|9 102482
|
| 760 |
1 |
|
|a Κινηματογραφικό αρχείο
|g 32
|
| 852 |
|
|
|a GR-PaULI
|b ΠΑΤΡΑ
|b ΘΕΑΤΡΟΛΟΓΙΑ
|k ΑΣΧΕ-3
|h 791.430233092 FEL
|m 003843
|p 025000016474
|t 1
|
| 942 |
|
|
|2 ddc
|c BK15
|
| 952 |
|
|
|0 0
|1 0
|4 0
|6 791_430233092000000_FEL
|7 0
|9 121125
|a THST
|b THST
|d 2016-04-24
|i 003843
|l 0
|o 791.430233092 FEL
|p 025000016474
|r 2016-04-24 00:00:00
|t 1
|w 2016-04-24
|y BK15
|
| 998 |
|
|
|c ΜΑΝΙΑ
|d 2013-02
|
| 999 |
|
|
|c 80104
|d 80104
|